|
|
|
|
| LEADER |
01543nam a22002537a 4500 |
| 001 |
AAL6053 |
| 003 |
BD-DhAAL |
| 005 |
20171015163745.0 |
| 008 |
160214s1982 bg 001 0 ben d |
| 999 |
|
|
|c 36860
|d 36860
|
| 020 |
|
|
|a 9844330912
|
| 040 |
|
|
|a BD-DhAAL
|c BD-DhAAL
|d BD-DhAAL
|
| 041 |
|
|
|a BEN
|
| 082 |
|
|
|2 22
|a 954.9205
|
| 245 |
|
|
|a বাংলাদেশের স্বাধীনতা যুদ্ধ দলিলপত্র, চতুর্থ খন্ড :
|b মুজিব বগরঃ প্রবাসী বাঙালীদের তৎপরতা /
|c সম্পাদক হাসান হাফিজুর রহমান
|
| 260 |
|
|
|a ঢাকা :
|b তথ্য মণ্ত্রণালয়, গণপ্রজাতণ্ত্রী বাংলাদেশ সরকার,
|c ১৯৮২. [পুনর্মূদ্রণ ২০০৩]
|
| 300 |
|
|
|a ৮৫১ পৃষ্ঠ ;
|c ২৪ সে. মি.
|
| 541 |
|
|
|e 6053, 32237
|
| 650 |
|
|
|a Bangladesh
|x History
|x Revolution
|y 1971
|9 6077
|
| 700 |
|
|
|a রহমান, হাসান হাফিজুর
|9 6078
|
| 852 |
|
|
|a Savar Campus Library
|c General Stacks
|
| 942 |
|
|
|2 ddc
|c BK
|
| 952 |
|
|
|0 0
|1 0
|2 ddc
|4 0
|6 954_920500000000000_BAN
|7 0
|9 58020
|a SCL
|b SCL
|c GEN
|d 2016-02-14
|l 0
|o 954.9205 BAN
|p 3020006053
|r 2016-02-14
|t 1
|w 2016-02-14
|y BK
|
| 952 |
|
|
|0 0
|1 0
|2 ddc
|4 0
|6 954_920500000000000_BAN
|7 0
|9 61579
|a BRACUL
|b BRACUL
|c BNC
|d 2017-10-15
|e বিশ্বসাহিত্য ভবন
|g 900.00
|l 0
|o 954.9205 BAN
|p 3010032237
|r 2017-10-15
|t 2
|v 1000.00
|w 2017-10-15
|y BK
|